| 000 | 00772nam a22002297a 4500 | ||
|---|---|---|---|
| 999 |
_c1123 _d1123 |
||
| 001 | 15660 | ||
| 003 | BD-DhUAP | ||
| 005 | 20200203102544.0 | ||
| 008 | 200203s2005 bg ||||| b||| 00| 0 eng d | ||
| 020 | _a9843221184 | ||
| 040 |
_aBD-DhUAP _bEng _cBD-DhUAP _dBD-DhUAP |
||
| 082 |
_223 _a347.095492 MAH |
||
| 100 | _aMahbub, SK Golam. | ||
| 245 |
_aAlternative dispute resolution (ADR) in commercial disputes : _bthe UK and Bangladesh perspectives / _cSK Golam Mahbub. |
||
| 260 |
_aDhaka : _bSK Golam Mahbub, _c2005. |
||
| 300 |
_axii, 206 pages ; _c22 cm. |
||
| 504 | _aIncludes bibliography. | ||
| 650 |
_aDispute resolution (Law) _z Bangladesh. |
||
| 650 |
_aDispute resolution (Law) _zGreat Britain. |
||
| 650 |
_aCommercial law _zBangladesh. |
||
| 942 |
_2ddc _cBK |
||